| 000 | 00624nam a2200229 a 4500 | ||
|---|---|---|---|
| 003 | MX-MxUPN | ||
| 005 | 20240822132408.0 | ||
| 008 | 991125s1914 mx gr 000 0 spa d | ||
| 035 | _aUPN01000017543 | ||
| 040 |
_aMX-MxUPN _bspa _cMX-MxUPN |
||
| 041 | _aspa | ||
| 050 | 4 |
_aLC1772 _bL64 |
|
| 100 | 1 |
_aLoved, H. _953198 |
|
| 245 | 1 | 0 | _aEducación femenina |
| 260 |
_aMéxico : _bLibrería de la Vda. de Ch. Bouret, _c1914. |
||
| 300 | _avii, 212 páginas | ||
| 650 | 4 |
_aMujeres _xEducación _zMéxico _96032 |
|
| 650 | 7 |
_aCoeducación _9442 |
|
| 902 | _bMaríaRobles/220824 | ||
| 905 | _aLibro | ||
| 942 |
_2lcc _cLIBRO _n0 |
||
| 999 |
_c17543 _d17543 |
||